|
|
|
|
| LEADER |
01633njm a2200469 a 4500 |
| 001 |
000544773 |
| 003 |
CZ BrMZK |
| 005 |
20000105143423.0 |
| 008 |
000105s1999 xr f cze d |
| 028 |
0 |
3 |
|a 74321 71281 4
|b BMG Ariola ČR/SR
|
| 040 |
|
|
|a BOA001
|b cze
|
| 080 |
|
|
|a 784.4"199"(086.7)
|2 MRF
|
| 100 |
1 |
|
|a Zmožek, Jiří,
|d 1943-
|7 jn20000402754
|4 prf
|
| 245 |
1 |
0 |
|a Už mi lásko není 20 let
|h [zvukový záznam] :
|b šansony a balady /
|c [zpívá Jiří Zmožek].
|
| 246 |
3 |
3 |
|a Pořád mám tě pod kůží
|
| 246 |
3 |
3 |
|a S modrou planetou
|
| 246 |
3 |
3 |
|a Snad Bůh dá
|
| 246 |
3 |
3 |
|a Už mi lásko není 20 let
|
| 246 |
3 |
3 |
|a V nebi když andělé pláčou
|
| 246 |
3 |
3 |
|a Z té naší lásky
|
| 246 |
3 |
3 |
|a Zdá se že obrůstá mě mech
|
| 246 |
3 |
3 |
|a Čas odejít
|
| 246 |
3 |
3 |
|a Bez nálady
|
| 246 |
3 |
3 |
|a Co zůstane v nás
|
| 246 |
3 |
3 |
|a Dál točí se svět
|
| 246 |
3 |
3 |
|a Když
|
| 246 |
3 |
3 |
|a Komu zvoní hrana
|
| 246 |
3 |
3 |
|a Láska je věčná
|
| 246 |
3 |
3 |
|a Léta jsem nehrál na housle
|
| 246 |
3 |
3 |
|a Odpouštím ti
|
| 246 |
3 |
3 |
|a Pokoj vám
|
| 260 |
|
|
|a Praha :
|b BMG Ariola ČR/SR,
|c p1999
|
| 300 |
|
|
|a 1 MC :
|b Dolby systém +
|e 1 složený list.
|
| 306 |
|
|
|a 010811
|
| 500 |
|
|
|a Nahr. 1991-98
|
| 500 |
|
|
|a Durata 68:11
|
| 505 |
2 |
|
|a Odpouštím ti, Čas odejít, Léta jsem nehrál na housle ... [et al.]
|
| 653 |
0 |
|
|a balady (hudeb.)
|a populární hudba
|a populární písně
|a šansony
|
| 910 |
|
|
|a BOA001
|b KZ-0009.168
|
| 964 |
|
|
|a Hudba populární
|z stol.20.,léta 90.
|x MC
|
| 990 |
|
|
|a AV
|
| 996 |
6 |
|
|b 261H009866
|c KZ-0009.168
|l MZK
|r Sklad / do 24 hodin
|n 0
|p v.
|w 000544773
|u 000010
|a 1
|e BOA001
|j MZK50
|s P
|